20th Century Former Capitals - Statistics

General Stats
  • This quiz has been taken 8 times
  • The average score is 58 of 134
Answer Stats
Time Period Country Modern Day Country Former Capital % Correct
1937-1939 Second Spanish Republic Spain Barcelona
100%
1800-1945 Dutch East Indies Indonesia Batavia
100%
1949-1990 West Germany Germany Bonn
100%
1815-1948 image Ceylon State Sri Lanka Colombo
100%
1727-1912 Alaouite Dynasty Morocco Fez
100%
1954-1976 North Vietnam Vietnam Hanoi
100%
1453-1923 Ottoman Empire Turkey Istanbul
100%
1922-1991 Soviet Union Rusia Moscow
100%
1949-1955; 1954-1975 image State of Vietnam; South Vietnam Vietnam Saigon
100%
1731-1914 Russian Empire Russia Saint Petersburg
100%
1948-1948 State of Israel Israel Tel Aviv
100%
1933-1983 Ivory Coast (France) Ivory Coast Abidjan
86%
1967-1990 image South Yemen Yemen Aden
86%
1936-1991 image Kazakh SSR Kazakhstan Alma-ata
86%
1991-1993 Kazakhstan Kazakhstan Alma-ata
86%
1918-1945 image Kingdom of Yugoslavia Serbia Belgrade
86%
1638-1970 image British Honduras Belize Belize City
86%
1949-1951 image Emirate of Cyrenaica Libya Benghazi
86%
1871-1918 image German Empire Germany Berlin
86%
1962-2018 Burundi Burundi Bujumbura
86%
1905-1925 Norway Norway Christiania
86%
1920-1924 image Free State of Fiume Croatia Fiume
86%
1902-1953 French Indochina Vietnam Hanoi
86%
1769-1948 image Hyderabad State India Hyderabad
86%
1922-1940 Republic of Lithuania Lithuania Kaunas
86%
fl. 1908-1927 Australia Australia Melbourne
86%
1300s-1918 image Kingdom of Bavaria Germany Munich
86%
1871-1946 image Kingdom of Italy Italy Rome
86%
1887-1901 French Indochina Vietnam Saigon
86%
1947-1954 image Free Territory of Trieste Italy Trieste
86%
1867-1918 Austro-Hungarian Empire Austria Vienna
86%
1989-2005 Myanmar Myanmar Yangon
86%
1992-2006 State Union of Serbia and Montenegro Belgrade
71%
1815-1918 Duchy of Brunswick Germany Braunschweig
71%
1859-1916 Romanian United Principalities Romania Bucharest
71%
1975-1976 image Republic of Cabinda Angola Cabinda
71%
1961-1964 image
Tanganyika
Tanzania Dar es Salaam
71%
1949-1990 image East Germany Germany East Berlin
71%
1947-1959 Pakistan Pakistan Karachi
71%
1919-1934 image Ukrainian SSR Ukraine Kharkiv
71%
1914-1960 image
Colonial Nigeria
Nigeria Lagos
71%
1928-1937; 1945-1949 Republic of China China Nanjing
71%
1885-1989 Burma Myanmar Rangoon
71%
1763-1960 Brazil Brazil Rio de Janeiro
71%
1925-1930 image Uzbek SSR Uzbekistan Samarkand
71%
1948-1972 North Korea South Korea Seoul
71%
1855-1949 image Dominion of Newfoundland Canada St. John's
71%
1936-1937 image Second Spanish Republic Spain Valencia
71%
1940-1944 State of France France Vichy
71%
1785-1920 image
Emirate of Bukhara
Uzbekistan Bukhara
57%
1772-1911 British Raj India Calcutta
57%
1713-1946 image Champasak Kingdom Laos Champasak
57%
1962-1971 Pakistan (legislative) Bangladesh Dacca
57%
1485-1918 Kingdom of Saxony Germany Dresden
57%
1960-1963 image State of Katanga DR Congo Élisabethville
57%
1511-1920 image Khanate of Khiva Uzbekistan Khiva
57%
1917-1920 image Ukrainian People's Republic Ukraine Kiev
57%
1943-1945 Second Philippine Republic Philippines Manila
57%
1180-1918 Duchy of Oldenburg Germany Oldenburg
57%
1958-1962 image West Indies Federation Trinidad and Tobago Port of Spain
57%
1918-1993 Czechoslovakia Czech Republic Prague
57%
1948-1976 Philippines Philippines Quezon City
57%
c. 1300-1918 Kingdom of Württemberg Germany Stuttgart
57%
1937-1945 Republic of China China Chongqing
43%
1914-1920 image Principality of Albania Albania Durrës
43%
1916-1918 Kingdom of Romania Romania Iași
43%
1945-1947 Polish People's Republic Poland Łódź
43%
1949-1975 image Kingdom of Laos Laos Luang Prabang
43%
1918-1918 image West Ukrainian
People's Republic
Ukraine Lviv
43%
1524-1947 Kingdom of Mysore India Mysore
43%
1931-1947 British Raj India New Delhi
43%
1943-1945 Italian Social Republic Italy Salò
43%
1993-1998 Kazakhstan Kazakhstan Almaty
29%
1852-1910 image Principality of Montenegro Montenegro Cetinje
29%
c. 1852-1901 Chan Santa Cruz Mexico Chan Santa Cruz
29%
1567-1918 image Grand Duchy of Hesse Germany Darmstadt
29%
1911-1931 British Raj India Delhi
29%
1894-1962 image
Protectorate of Uganda
Uganda Entebbe
29%
1945-1945 Nazi Germany Germany Flensburg
29%
1994-2006 Palau Palau Koror
29%
1914-1918 Russian Empire Russia Petrograd
29%
1959-1967 Pakistan Pakistan Rawalpindi
29%
1932-1970 image Imamate of Oman Oman Salalah
29%
1949-1975 Kingdom of Laos Laos Vientiane
29%
1856-1964 image
Sultanate of Zanzibar
Tanzania Zanzibar City
29%
c. 1700-1903 Bailundo Angola Bailundo
14%
1960-1962 South Kasai DR Congo Bakwanga
14%
1898-1913 image Cretan State Greece Chania
14%
1907-1911 North-Western Rhodesia Zambia Livingstone
14%
1918-1920 White Movement Russia Omsk
14%
1802-1945; 1945-1945 image Đại Nam (Nguyễn dynasty); Empire of Vietnam Vietnam Phú Xuân
14%
1964-1965 PR Congo DR Congo Stanleyville
14%
1912-1914 image Independent Albania Albania Vlorë
14%
1946-1948; 1948-1949 Indonesia Indonesia Yogyakarta
14%
1963-1969 Kingdom of Libya Libya Al Bayda
0%
1991-1991 image Islamic Emirate of Kunar Afghanistan Asadabad
0%
1918-1922 Tripolitania Republic Libya ʽAziziya
0%
1946-1976 Philippines Philippines Baguio
0%
1900-1933 Ivory Coast (France) Ivory Coast Bingerville
0%
1973-1974 Guinea-Bissau Guinea-Bissau Boe
0%
1879-1941 Portuguese Guinea Guinea-Bissau Bolama
0%
1886-1908;1908-1926 image Congo Free State; Belgian Congo DR Congo Boma
0%
1643-1918 image Principality of Schaumburg-Lippe Germany Bückeburg
0%
1948-1949 Indonesia (Dutch Occupation) Indonesia Bukittinggi
0%
1899-1900 image Republic of Acre Brazil Cidade do Acre
0%
1540-1937 Republic of Honduras Honduras Comayagua
0%
1899-1911 image
North-Eastern Rhodesia
Zambia Fort Jameson
0%
1918-1918 image Azerbaijan Democratic Republic Azerbaijan Ganja
0%
1920-1921 Republic of MountainousArmenia Armenia Goris
0%
1893-1900 Ivory Coast (France) Ivory Coast Grand-Bassam
0%
1874-1955 image Đại Nam (Nguyễn dynasty) Vietnam Huế
0%
1043-1911 Kingdom of Nri Nigeria Igbo-Ukwu
0%
1885-1978 image Marshall Islands District Marshall Islands Jabor
0%
1975-1976; 1979-2002 PDR of Angola Angola Jamba
0%
1899-1907 image
North-Western Rhodesia
Zambia Kalomo
0%
1816-1919 image Neutral Moresnet Belgium Kelmis
0%
1938-1939 Carpathian Ukraine Ukraine Khust
0%
1986-1989 F.S. Micronesia F.S. Micronesia Kolonia
0%
1944-1945 Polish Committee of NationalLiberation Poland Lublin
0%
c. 1500-1917 image
Mbunda Kingdom
Angola Lumbala N'guimbo
0%
1971-1972 image Provisional Government
of Bangladesh
Bangladesh Mujibnagar
0%
1931-1934 image Chinese Soviet Republic China Ruijin
0%
1483-1915 image Kingdom of Kongo Angola São Salvador
0%
1917-1920 image
Alash Autonomy
Kazakhstan Semey
0%
fl. 1850 1947 British Raj (Summer Capital) India Simla
0%
1919-1919 West UkrainianPeople's Republic Ukraine Stanislaviv
0%
1918-1918 image Ukrainian Soviet Republic Russia Taganrog
0%
1918-1919 West UkrainianPeople's Republic Ukraine Ternopil
0%
1795-1947 image Kingdom of Travancore India Trivandrum
0%
1896-1942 image British Solomon Islands Solomon Islands Tulagi
0%
1938-1938 Carpathian Ukraine Ukraine Uzhhorod
0%
1918-1918 Republic of Finland Finland Vaasa
0%
1942-1944 image Commonwealth of the Philippines Philippines Washington D.C.
0%
1893-1907 image British Central Africa
Protectorate
Malawi Zomba
0%
No matching quizzes found
Score Distribution
Percent of People with Each Score
Percentile by Number Answered
Your Score History
You have not taken this quiz